National nuclear energy programme (Record no. 499192)

000 -LEADER
fixed length control field 00358cam a22001097a 4500
008 - FIXED-LENGTH DATA ELEMENTS--GENERAL INFORMATION
fixed length control field 180718b xxu||||| |||| 00| 0 eng d
082 ## - DEWEY DECIMAL CLASSIFICATION NUMBER
Classification number Y26x54 In2n
245 ## - TITLE STATEMENT
Title National nuclear energy programme
Statement of responsibility, etc. by Lok Sabha Secretariat, India
260 ## - PUBLICATION, DISTRIBUTION, ETC.
Place of publication, distribution, etc. Delhi
Name of publisher, distributor, etc. Lok Sabha Secretariat
Date of publication, distribution, etc.
500 ## - GENERAL NOTE
General note Contents : Library has 1985, 1989
700 ## - ADDED ENTRY--PERSONAL NAME
Personal name India. Lok Sabha Secretariat
Holdings
Withdrawn status Lost status Damaged status Not for loan Permanent Location Current Location Date acquired Full call number Barcode Date last seen Price effective from Koha item type
        Indian Institute of Public Administration Indian Institute of Public Administration 2018-08-04 Y26x54 In2n GG21022 2018-08-04 2018-08-04 GG
        Indian Institute of Public Administration Indian Institute of Public Administration 2018-08-04 Y26x54 In2n GG20245 2018-08-04 2018-08-04 GG

Powered by Koha